[Event "Manaus op 2nd"]
[Site "Manaus"]
[Date "2023.10.12"]
[Round "3"]
[White "Pereira, Celestino Leal"]
[Black "Becker, Rogerio Sperb"]
[Result "0-1"]
[WhiteElo "1758"]
[BlackElo "2102"]
[PlyCount "38"]
[EventDate "2023.10.11"]
[EventType "swiss"]
[EventRounds "9"]
[EventCountry "BRA"]
[SourceTitle "Mega2024 Update 01"]
[Source "Chessbase"]
[SourceDate "2023.11.12"]
[SourceVersion "1"]
[SourceVersionDate "2023.11.12"]
[SourceQuality "1"]

1. b3 e5 2. Bb2 Nc6 3. e3 Nf6 4. Bb5 d6 5. d4 exd4 6. exd4 a6 7. Bd3 Nb4 8. Be2 Bf5 9. Na3 d5 10. Nf3 Bd6 11. 0-0 0-0 12. c4 c6 13. Nh4 Bd7 14. Nf3 Bf5 15. Ne5 Re8 16. Bd3 Nxd3 17. Nxd3 Bxh2+ 18. Kh1 Bd6 19. Qf3 Bg4 0-1

[Event "Florianopolis op-A"]
[Site "Florianopolis"]
[Date "2023.09.23"]
[Round "3"]
[White "De Oliveira, Jairo Quintiliano"]
[Black "Becker, Rogerio Sperb"]
[Result "1/2-1/2"]
[WhiteElo "1865"]
[BlackElo "2111"]
[PlyCount "100"]
[EventDate "2023.09.22"]
[EventType "swiss"]
[EventRounds "6"]
[EventCountry "BRA"]
[SourceTitle "EXT 2024"]
[Source "ChessBase"]
[SourceDate "2023.10.10"]
[SourceVersion "1"]
[SourceVersionDate "2023.10.10"]
[SourceQuality "1"]

1. e4 Nf6 2. e5 Nd5 3. Nc3 e6 4. Ne4 f5 5. exf6 Nxf6 6. Nxf6+ Qxf6 7. Qf3 Be7 8. Qxf6 gxf6 9. d4 d5 10. Bf4 c5 11. c3 cxd4 12. cxd4 Nc6 13. Nf3 Bb4+ 14. Bd2 Ke7 15. Bb5 Bxd2+ 16. Kxd2 Kd6 17. Rhe1 Bd7 18. Rac1 Rhg8 19. g3 Rg4 20. Bxc6 bxc6 21. Rc3 Rgg8 22. Rb3 Rgb8 23. Ree3 Rb6 24. a3 Rab8 25. Rxb6 axb6 26. b4 c5 27. dxc5+ bxc5 28. bxc5+ Kxc5 29. Rc3+ Kd6 30. Nd4 e5 31. Rb3 Ra8 32. Nc2 Ba4 33. Rb6+ Kc5 34. Rxf6 Bxc2 35. Kxc2 Rxa3 36. Rf7 Kd4 37. Kb2 Rd3 38. Kc2 Rc3+ 39. Kd2 Ra3 40. Rxh7 Ra2+ 41. Ke1 Kd3 42. Kf1 d4 43. Rb7 Ra1+ 44. Kg2 e4 45. h4 Ra2 46. Kf1 e3 47. fxe3 Kxe3 48. Re7+ Kf3 49. Rf7+ Ke3 50. h5 d3 1/2-1/2

[Event "Florianopolis op-A"]
[Site "Florianopolis"]
[Date "2023.09.22"]
[Round "1"]
[White "Becker, Rogerio Sperb"]
[Black "Boabaid, Jorge Alberto Duard"]
[Result "1-0"]
[WhiteElo "2111"]
[BlackElo "1771"]
[PlyCount "51"]
[EventDate "2023.09.22"]
[EventType "swiss"]
[EventRounds "6"]
[EventCountry "BRA"]
[SourceTitle "EXT 2024"]
[Source "ChessBase"]
[SourceDate "2023.10.10"]
[SourceVersion "1"]
[SourceVersionDate "2023.10.10"]
[SourceQuality "1"]

1. d4 Nf6 2. Bf4 d5 3. e3 e6 4. Nf3 b6 5. c3 Bd6 6. Bg3 0-0 7. Nbd2 Bb7 8. Bd3 Nbd7 9. Qe2 Re8 10. Ne5 Nf8 11. 0-0 Ng6 12. f4 Ne4 13. Nxe4 dxe4 14. Bb5 Re7 15. Qg4 f5 16. Qh5 Bxe5 17. fxe5 a5 18. Be1 Ba6 19. Bxa6 Rxa6 20. g4 fxg4 21. Bh4 Ra8 22. Bxe7 Nxe7 23. Qxg4 Nf5 24. Rxf5 exf5 25. Qxf5 Qh4 26. Rf1 1-0

[Event "Caioba op 7th"]
[Site "Caioba"]
[Date "2023.06.21"]
[Round "5"]
[White "Becker, Rogerio Sperb"]
[Black "Cezar, Ricardo de Almeida"]
[Result "1-0"]
[WhiteElo "2089"]
[BlackElo "1797"]
[PlyCount "59"]
[EventDate "2023.06.18"]
[EventType "swiss"]
[EventRounds "9"]
[EventCountry "BRA"]
[SourceTitle "CBM 214 Extra"]
[Source "ChessBase"]
[SourceDate "2023.07.31"]
[SourceVersion "1"]
[SourceVersionDate "2023.07.31"]
[SourceQuality "1"]

1. e4 c5 2. Nf3 d6 3. d4 cxd4 4. Qxd4 Nf6 5. Bg5 Nbd7 6. c4 e6 7. Nc3 a6 8. Be2 Be7 9. 0-0 Qc7 10. h3 b6 11. Qe3 Bb7 12. Nd4 Rc8 13. Rac1 Qb8 14. b3 Bd8 15. Bd3 Bc7 16. Kh1 h6 17. Bh4 Nc5 18. Bb1 d5 19. exd5 Bf4 20. Qe2 Bxc1 21. Bxf6 gxf6 22. Rxc1 Qf4 23. Rd1 Rg8 24. b4 Nd7 25. Nxe6 Qe5 26. Ne4 fxe6 27. dxe6 Bxe4 28. exd7+ Kf7 29. Bxe4 Rxg2 30. Bd5+ 1-0

[Event "Rio de Janeiro op 2nd"]
[Site "Rio de Janeiro"]
[Date "2023.05.05"]
[Round "7"]
[White "Becker, Rogerio Sperb"]
[Black "Lima, Darcy Gustavo Macha"]
[Result "0-1"]
[WhiteElo "2105"]
[BlackElo "2448"]
[PlyCount "88"]
[EventDate "2023.05.02"]
[EventType "swiss"]
[EventRounds "9"]
[EventCountry "BRA"]
[SourceTitle "CBM 214 Extra"]
[Source "ChessBase"]
[SourceDate "2023.07.31"]
[SourceVersion "1"]
[SourceVersionDate "2023.07.31"]
[SourceQuality "1"]

1. c4 Nf6 2. Nf3 c5 3. g3 g6 4. Bg2 Bg7 5. 0-0 0-0 6. Nc3 d6 7. d3 Nc6 8. a3 a6 9. Rb1 Rb8 10. b4 cxb4 11. axb4 b5 12. cxb5 axb5 13. Bd2 Bd7 14. Qc1 Re8 15. Qa3 Ra8 16. Qc1 Qb8 17. Bh6 Bh8 18. Qd2 Ra3 19. Rfc1 Ng4 20. Bf4 Qa7 21. e3 Bxc3 22. Rxc3 Rxc3 23. Qxc3 e5 24. Bg5 h6 25. h3 Nxf2 26. Kxf2 hxg5 27. Nxg5 Rc8 28. Ra1 Qb6 29. Qb3 Nd8 30. Bd5 Be8 31. Ra2 Qc7 32. Kg2 Kg7 33. Rf2 Qc1 34. Qa2 Qxe3 35. Nxf7 Nxf7 36. Bxf7 Bc6+ 37. Bd5 Ra8 38. Qb3 Ra3 39. Qxa3 Bxd5+ 40. Kf1 Bc4 41. Qa1 Bxd3+ 42. Kg1 Be4 43. Qd1 Qxg3+ 44. Kf1 Bd3+ 0-1

[Event "Florianopolis Spring op 2nd"]
[Site "Florianopolis"]
[Date "2022.10.22"]
[Round "3"]
[White "Silva, Guilherme Henrique"]
[Black "Becker, Rogerio Sperb"]
[Result "1/2-1/2"]
[WhiteElo "1956"]
[BlackElo "2081"]
[PlyCount "70"]
[EventDate "2022.10.21"]
[EventType "swiss"]
[EventRounds "6"]
[EventCountry "BRA"]
[SourceTitle "EXT 2024"]
[Source "ChessBase"]
[SourceDate "2023.10.10"]
[SourceVersion "1"]
[SourceVersionDate "2023.10.10"]
[SourceQuality "1"]

1. e4 c6 2. d4 d5 3. Nc3 dxe4 4. Nxe4 Nf6 5. Ng3 h5 6. h4 Bg4 7. Be2 e6 8. Bg5 Bxe2 9. N1xe2 Qa5+ 10. c3 Nbd7 11. Nf4 g6 12. Qc2 0-0-0 13. 0-0 Re8 14. Nd3 Bd6 15. Rae1 Qc7 16. Ne5 Bxe5 17. dxe5 Ng4 18. Qa4 a6 19. f4 Qb6+ 20. Qd4 Qxd4+ 21. cxd4 f6 22. exf6 Ndxf6 23. Bxf6 Nxf6 24. Ne4 Nxe4 25. Rxe4 Kd7 26. Kf2 Kd6 27. Ke3 Rhf8 28. g3 Rf5 29. Re5 Ref8 30. Ke4 R8f7 31. Re1 Rg7 32. Kd3 Re7 33. R1e2 Re8 34. R2e3 Re7 35. Re1 Re8 1/2-1/2

[Event "Pan American-ch Seniors 50"]
[Site "Florianopolis"]
[Date "2022.06.25"]
[Round "7"]
[White "Becker, Rogerio Sperb"]
[Black "Rodi, Luis Ernesto"]
[Result "0-1"]
[WhiteElo "1707"]
[BlackElo "2351"]
[PlyCount "66"]
[EventDate "2022.06.21"]
[EventType "swiss"]
[EventRounds "9"]
[EventCountry "BRA"]
[SourceTitle "CBM 209 Extra"]
[Source "ChessBase"]
[SourceDate "2022.09.30"]
[SourceVersion "1"]
[SourceVersionDate "2022.09.30"]
[SourceQuality "1"]

1. c4 e5 2. g3 Nf6 3. Bg2 c6 4. Nf3 e4 5. Nd4 Qb6 6. e3 d5 7. cxd5 cxd5 8. 0-0 Nc6 9. d3 Nxd4 10. exd4 Bg4 11. Qe1 Qxd4 12. dxe4 dxe4 13. Nc3 Bb4 14. Bg5 0-0 15. Bxf6 gxf6 16. Qxe4 Qxe4 17. Bxe4 Bxc3 18. bxc3 Rab8 19. c4 Rfc8 20. Bd5 Rc5 21. Rfe1 Kf8 22. Re4 Bf3 23. Rh4 Bxd5 24. cxd5 Rxd5 25. Rxh7 Kg8 26. Rh4 b5 27. Rb1 a5 28. Rb3 Rc8 29. Rf4 Kg7 30. Rbf3 Rc6 31. a3 Rdc5 32. h4 Rc3 33. Rxf6 Rc1+ 0-1